000 00496nam a2200145Ia 4500
008 100122s9999 xx 000 0 und d
082 _b1991
_a823
100 _aफाटक गणेश कृष्ण
245 _aदेशाचे ज्ञानदीप
260 _bविनायक अण्णाराव घैसास
_c1928
300 _a92
630 _aदेशाचे ज्ञानदीप
730 _aदेशाचे ज्ञानदीप
942 _cBOOK
999 _c396506
_d396503